Zdanenie príjmov z podnikania zahraničných osôb v SR bakalárska práca

Gespeichert in:
Bibliographische Detailangaben
1. Verfasser: Kozáková, Monika
Körperschaft: Národohospodárska fakulta EU. Katedra financií
Weitere Verfasser: Kubicová, Jana, 1961-
Format: Buch
Sprache:Slowakisch
Veröffentlicht: Bratislava 2011
Tags: Tag hinzufügen
Keine Tags, Fügen Sie das erste Tag hinzu!

MARC

LEADER 00000nbm a2200000 4500
001 0139931
005 20161109111654.8
041 0 |a slo 
044 |a SK 
245 1 0 |a Zdanenie príjmov z podnikania zahraničných osôb v SR  |b bakalárska práca  |c Monika Kozáková ; školiteľ: Jana Kubicová 
264 1 |a Bratislava  |c 2011 
300 |a 44 s. 
100 1 |a Kozáková, Monika 
700 1 |a Kubicová, Jana, 1961- 
710 2 |a Národohospodárska fakulta EU. Katedra financií